Statistics for Life Is Strange Characters + Before the Storm

Click here to take the quiz!

General Stats

  • This quiz has been taken 1,377 times
    (1,068 since last reset)
  • The average score is 22 of 43

Answer Stats

Answer% Correct
Max Caulfield
98%
Chloe Price
97%
Rachel Amber
92%
Victoria Chase
92%
Nathan Prescott
87%
David Madsen
84%
Kate Marsh
83%
Mark Jefferson
80%
Joyce Price
79%
Warren Graham
79%
Frank Bowers
74%
Ray Wells
65%
Dana Ward
64%
William Price
55%
Juliet Watson
54%
Taylor Christensen
53%
Steph Gingrich
50%
Alyssa Anderson
48%
Brooke Scott
47%
Samuel Taylor
47%
James Amber
43%
Mikey North
42%
Michelle Grant
41%
Stella Hill
41%
Drew North
39%
Eliot Hampden
39%
Justin Williams
39%
Damon Merrick
38%
Sera Gearhardt
38%
Daniel DaCosta
37%
Courtney Wagner
34%
Rose Amber
33%
Skip Matthews
33%
Sean Prescott
32%
Zachary Riggins
32%
Evan Harris
31%
Trevor Yard
29%
Hayden Jones
28%
Logan Robertson
27%
Samantha Myers
25%
Luke Parker
21%
Travis Keaton
15%
Anthony North
11%

Score Distribution

Percentile by Number Answered

Percent of People with Each Score

Your Score History

You have not taken this quiz since the last reset